00373 2200145 4500245006400000020002200064250001000086100001500096005001900111260003900130041001400169084001200183300002300195336000900218 aLa Tahzan b : Cinta Tak Pernah MenyerahcAsma NadiahText a978-979-1367-70-9 aCet.4 aAsma Nadia a20240925140148 aDepokbLingkar Pena Kreativac2009 aIndonesia a297.577 a240 hlm :c20,5 cm atext